000 00213 a2200097 4500
001 47140
100 _aLands borough G
245 _aTobruck Commando
260 _aLondon
_bCassell & Co
_c
090 _c30197
_d30197
942 _aNUST-CAE
_cM
_c22444
999 _c282213
_d282213